[Event "Norway Chess 2nd"]
[Site "Stavanger"]
[Date "2014.06.08"]
[Round "5"]
[White "Svidler, Peter"]
[Black "Karjakin, Sergey"]
[Result "1/2-1/2"]
[WhiteElo "2753"]
[BlackElo "2771"]
[Annotator "Marin,M"]
[PlyCount "76"]
[EventDate "2014.06.03"]
[EventType "tourn"]
[EventRounds "9"]
[EventCountry "NOR"]
[EventCategory "21"]
[SourceTitle "CBM 161"]
[Source "ChessBase"]
[SourceDate "2014.07.16"]
[SourceVersion "1"]
[SourceVersionDate "2014.07.16"]
[SourceQuality "1"]

1. Nf3 Nf6 2. c4 c5 3. Nc3 Nc6 4. g3 d5 5. cxd5 Nxd5 6. Bg2 Nc7 7. O-O e5 {
An ambitious setup, aiming for a reversed Maroczy bind. If allowed to complete
his development properly, Black may easily get the upper hand, so White has to
use his extra tempo for taking over the initiative as soon as possible.} 8. a3
{This is what I had recommended in my English Opening trilogy. Black has to
either allow b2-b4 or make some concession.} Rb8 {One of the numerous possible
answers.} ({Svidler had played this line before:} 8... f6 9. e3 {Svidler,P 
(2739)-Nepomniachtchi,I (2711) Moscow 2011 CBM 144 [Stohl,I] (1-0, 41)}) 9. Rb1
Be7 ({The weakening move} 9... a5 {may not be to everybody's taste} 10. d3 {
Oratovsky,M (2465)-Liss,E (2540) Rishon Le Ziyyon 1997 CBM 063 [Finkel,A] (1-0,
41)}) 10. b4 cxb4 ({Against the active} 10... Bf5 {White can play the
promising exchange sacrifice} 11. b5 Nd4 (11... Bxb1 12. bxc6 Bf5 13. cxb7) 12.
d3 $14 {[%csl Gc4] Romanishin,O (2542)-Oleksienko,M (2530) Lvov 2006 (1-0, 31)}
) 11. axb4 b5 $5 $146 {An interesting novelty, blocking the further advance of
the b-pawn, which may become weak in the future. On the other hand, Blck also
creates some weaknesses in his own camp. One possible scenario is that Black
gets the b4-pawn but White retains the initiative on the weakened (light and/
or dark) squares.} (11... Bf5 {would once again be met with the exchange
sacrifice} 12. b5 $1) 12. d3 {Svidler decides to switch back to the normal
developing mode.} ({Since Black seems to be fine after the last move,} 12. Qc2
$5 {deserves attention, although the position remains very unclear.} O-O (12...
Nxb4 13. Rxb4 $1 Bxb4 14. Nxe5 $16 {[%csl Rb4,Rb8,Rd8,Yf7][%cal Ge5c6,Gc2b3]})
(12... Nd4 13. Qa2 Nxf3+ 14. Bxf3 a6 {Now may be the right moment to continue
the natural development.} 15. d3 O-O 16. Be3 $14 {[%cal Gc3e4,Ge4c5,Ga2a5]}) (
12... Bd7 13. Ne4) (12... Rb6 13. d3 Nxb4 14. Qb2 f6 15. Be3 Ra6 16. d4 $44)
13. Nxb5 Nxb4 14. Rxb4 Nxb5 15. Rb1 {[%csl Ga7,Ge5][%cal Gc1b2] In principle,
White should stand microscopically better, but Black has good chances to keep
the balance even by dynamic means.}) 12... O-O 13. Be3 Bb7 14. Qd2 Re8 (14...
Bxb4 $5 {is possible already:} 15. Rxb4 Nxb4 16. Bxa7 Qe7 $1 {[%csl Ge5] Black
loses the exchange back anyway and it is essential to defend the e5-pawn.} (
16... Ra8 17. Bc5 Nbd5 18. Bxf8 Kxf8 19. Nxe5 $16) 17. Bxb8 Rxb8 18. Qb2 f6 19.
Qb3+ Kh8 20. Rc1 Nc6 21. Ne4 b4 22. Qc4 Ne6 23. e3 {Like in the line above,
White has the more compact structure. However, it is far from easy to prove
the b-pawn a weakness.}) 15. Ne4 Na6 $6 {This is the passive way of attacking
the pawn.} (15... Nd5 $1 {is more natural and better. The knight stands better
in the centre and it is prepared to take on e3 at the right moment.} 16. Bc5 {
With his game move Black probably wanted to prevent this move.} (16. Nc5 Ba8
17. Rfc1 Nxe3 18. fxe3 Qd6) (16. Rfc1 {as played in the game dos not work out
here.} Bxb4 17. Qb2 Nxe3 18. fxe3 Qb6 $17) 16... Ndxb4 $1 17. Nxe5 {this is a
wild continuation, but should not yield more than dynamic equality for instance
} (17. Rxb4 $6 Nxb4 18. Qxb4 a5 19. Bxe7 Rxe7 20. Qb2 Bxe4 21. dxe4 f6 $15 {
[%csl Ga5,Gb5,Rf3,Rg2] is at least dangerous for White}) 17... a5 18. Bxe7 Qxe7
19. Nxc6 Bxc6 20. Rfc1 f5 21. Rxb4 axb4 22. Ng5 Bxg2 23. Qa2+ $11) 16. Rfc1 $1
{White completes his development and suddenly proves better coordinated than
Black.} (16. Qb2 Naxb4 17. Nxe5 Nxe5 18. Qxe5 a5 $132) 16... Ba8 (16... Naxb4
17. Nc5 Ba8 18. Rxb4 Nxb4 19. Qxb4 a5 20. Qg4 $14 {With so many minor pieces
on board, White's initiative may prove more relevant than the passed pawns.}) (
16... Bxb4 17. Qb2 $44 {There are no immediate white threats, but Black's
pieces and pawns are hanging.} Qd7 (17... h6 18. Bh3 $1 Qe7 19. Ra1 $36) 18.
Ra1 Rbc8 (18... h6 19. Bxh6 $1) 19. Neg5 $36 {[%cal Gg2h3]}) 17. Nc5 Nxc5 18.
Bxc5 $14 {White has consolidated the b4-pawn and retains the better structure
and higher piece mobilisation.} e4 $5 {A desperate attempt to get some
activity. Otherwise, what would the e8-rook be doing?} (18... Qd7 19. Ra1 $14)
19. dxe4 Bxc5 20. Rxc5 Rxe4 21. Qc3 Re6 (21... Rxe2 $5 22. Rxc6 Bxc6 23. Qxc6
Qb6 $14 {may have offered saving chances in the endgame.}) 22. e3 Rd6 23. h3 $6
(23. Nh4 $1 {is a typical attacking move which would have worked out well here.
} Rd3 (23... Rd1+ 24. Rxd1 Qxd1+ 25. Bf1 Qd6 26. Nf5 Qf6 27. Qxf6 gxf6 28. Rxc6
$18) 24. Qa1 Nxb4 25. Nf5 f6 26. Bxa8 Rxa8 27. Rxb5 a5 28. Nd4 $16 {[%cal
Gb1c1,Gc1c5] The 5-pawn is weak and the king is very exposed. It is quite
probable that White will get a R + N ending with 4P vs 3P on the kingside and
every chance to win.}) 23... h6 24. Rc1 Rd3 25. Qb2 Rd1+ 26. Rxd1 Qxd1+ 27. Kh2
Rd8 $14 {/<=>} 28. Rxb5 Nxb4 29. Rxb4 Bxf3 30. Rd4 Rxd4 31. exd4 Bxg2 32. Kxg2
a5 33. Qb8+ Kh7 34. Qe5 a4 35. Qf5+ Kg8 36. Qc8+ Kh7 37. Qf5+ Kg8 38. Qc8+ Kh7
1/2-1/2

[Event "Sinquefield Cup 5th"]
[Site "Saint Louis"]
[Date "2017.08.02"]
[Round "1"]
[White "Aronian, Levon"]
[Black "Nepomniachtchi, Ian"]
[Result "1-0"]
[WhiteElo "2809"]
[BlackElo "2742"]
[Annotator "Marin,M"]
[PlyCount "57"]
[EventDate "2017.08.02"]
[EventType "tourn"]
[EventRounds "9"]
[EventCountry "USA"]
[EventCategory "22"]
[SourceTitle "CBM 180"]
[Source "ChessBase"]
[SourceDate "2017.09.13"]
[SourceVersion "1"]
[SourceVersionDate "2017.09.13"]
[SourceQuality "1"]

1. Nf3 Nf6 2. c4 c5 3. Nc3 d5 4. cxd5 Nxd5 5. e3 Nxc3 6. bxc3 g6 7. h4 $5 {
White tries combining play on both wings.} ({The classical treatment of this
line is} 7. Bb5+ {for instance} Bd7 8. Rb1 {Anton Guijarro,D (2650)-Gelfand,B 
(2721) Caleta 2017 CBM 177 [Krasenkow,M] (1-0, 72)}) 7... Bg7 {Black does not
pay attention to the threat, relying on his slight advance in development.} (
7... h5 {is a bit too committal for my taste,} 8. Bc4 e6 {Lerner,K (2560)
-Romanovich,L (2350) St Petersburg 1997 CBM 062 [Hecht] (1-0, 58)}) ({I would
prefer the natural} 7... h6 8. Ba3 ({Switching to a Grünfeld structure with
the g4-square weak does not look so effective:} 8. d4 Bg7 9. Bb5+ Nd7 10. O-O
O-O 11. e4 Nf6 12. Re1 Bg4 $11 {Potkin,V (2599)-Timofeev,A (2534) Sochi 2015 
(1/2-1/2, 38)}) 8... Qc7 9. Qb3 (9. Bc4 Bg7 10. Rb1 O-O 11. Qc2 {exposed
White's pieces too much, forcing him to expose his centre soon, too.} Bf5 12.
e4 Bg4 13. Bd5 Bxf3 14. gxf3 Nc6 15. Bxc5 Ne5 16. d4 Nxf3+ 17. Kd1 b6 18. Bxa8
bxc5 $17 {Perez Garcia,A (2358)-Gopal,G (2580) Benasque 2017 (0-1, 68)}) 9...
Be6 (9... Bg7 10. d4 cxd4 $6 {Black should not clear the c-file for the white
rooks.} 11. cxd4 Nc6 12. Rc1 Be6 13. Bc4 Qa5+ 14. Ke2 $14 {Grandelius,N (2646)
-Tari,A (2553) Fagernes 2016 (1-0, 43)}) 10. Bc4 Bxc4 11. Qxc4 Nd7 12. O-O Rc8
13. Rab1 Bg7 14. d4 Qa5 15. Qb3 O-O 16. c4 e6 $11 {Yilmaz,M (2616)-Tari,A 
(2570) Baku 2016 (1/2-1/2, 55)}) 8. h5 Nc6 9. Ba3 {After having obtained
certain kingside success White switches to the other wing.} ({He could also do
it with} 9. Rb1 Qc7 10. d4 {Svidler,P (2740)-Nepomniachtchi,I (2702) Nizhnij
Novgorod 2013 CBM 157 [Gormally,D] (1-0, 66)}) ({In later games played in
Saint Louis Aronian switched to the developing:} 9. Be2 b6 (9... Bf5 10. Qb3 b6
$2 11. Ng5 e6 {Aronian,L (2809)-Svidler,P (2749) Saint Louis 2017 (1/2-1/2, 19)
} 12. Qa4 Rc8 13. Bb5 Qxg5 14. Bxc6+ Kf8 15. Bf3 $16 {[%csl Ga7]} Rc7 $2 16. e4
Bg4 17. d4 $18) 10. Kf1 Qd6 11. d4 O-O 12. Ba3 Bf5 13. Kg1 Rfd8 14. Qa4 Qf6 15.
hxg6 hxg6 16. Rf1 Rac8 {Aronian,L (2799)-Nepomniachtchi,I (2751) Saint Louis 
(rapid) 2017 (0-1, 63), with harmonious black play.}) 9... Qa5 10. Rh4 $5 {
An original way of defending the hanging bishop and attacking c5.} Bd7 $146 {
Indirectly defending the c5-pawn.} (10... Qxa3 $2 11. Ra4 Qb2 12. Rb1) (10...
Bf5 {Muradli,M (2357)-Illingworth,M (2506) Abu Dhabi 2017 (1-0, 43)} 11. Ra4
Qc7 (11... Qb6 12. Rc4 $18) 12. Bxc5 O-O 13. Ba3 {and Black does not have much
to show for the missing pawn.}) 11. Qb3 ({Pawn grabbing actually loses an
exchange:} 11. Ra4 Qc7 12. Bxc5 Ne5 13. Nxe5 Bxe5 14. Bd4 Bxa4 15. Qxa4+ Kf8
$13) 11... O-O $2 {An over-optimistic move.} (11... Nd8 $5 {[%cal Gd7c6,Gd8e6]}
) (11... Rc8 12. Bc4 Nd8 {[%cal Gd7e6,Gd7c6]}) 12. hxg6 hxg6 13. Qxb7 {White
has won a pawn and ensured some life to his a3-bishop since Black cannot
consolidate the c5-bishop with ...b7-b6 anymore. Besides, the kingside
attacing chances are intact.} Rfd8 {The alternatives are no better:} (13... Nb8
14. Bc4 (14. Qb2 Bc6 {[%cal Gb8d7,Ga8b8]}) 14... e6 (14... Qxa3 15. Ng5 Bf6 16.
Rh6 Bf5 17. Nxf7 Rxf7 18. g4 Bc2 19. Qc8+) 15. Ng5 Bc6 (15... Qxa3 16. Qc7 $16
{[%cal Gc7h2,Gh4h8]}) 16. Qe7 $18) (13... Bxc3 14. Bb2 Bxb2 (14... Rab8 $2 15.
Qxb8 $1 Rxb8 16. Bxc3 $18) 15. Qxb2 f6 16. Ng5 $5 $16) 14. Qa6 Bxc3 15. Qxa5
Bxa5 16. Bxc5 $16 {White has maintained his extra pawn and a flexible central
structure. Black's next move carelessly dooms the e7-pawn.} Be6 $2 17. Bb5 Ne5
(17... Rac8 18. Bxc6 Rxc6 19. Bxe7 $18) 18. Nd4 Rd5 19. Bxe7 {[%cal Ge7f6]} (
19. Nxe6 $4 fxe6 $19 {leaves the bishops hanging.}) 19... Kg7 20. f4 Nd7 21. f5
$1 {[%cal Gh4d4]} (21. Bc6 {is somewhat less clear:} Rxd4 22. exd4 Re8 23. Bd6
Bd5+ 24. Be5+ Rxe5+ 25. dxe5 Bxc6 {With an interesting, not really one-sided,
position.}) 21... Bxf5 (21... gxf5 22. Bc6 Rxd4 23. Rxd4 $18) 22. Bc6 {The
rest was played by pure inertia.} Re5 23. Nxf5+ gxf5 24. Bg5 Kg6 25. Bf4 Rd8
26. Bxd7 Rc5 27. Rh6+ Kg7 28. Rd6 Bc7 29. Rc6 1-0

[Event "Sinquefield Cup 5th"]
[Site "Saint Louis"]
[Date "2017.08.03"]
[Round "2"]
[White "Nepomniachtchi, Ian"]
[Black "So, Wesley"]
[Result "0-1"]
[WhiteElo "2742"]
[BlackElo "2810"]
[Annotator "Marin,M"]
[PlyCount "78"]
[EventDate "2017.08.02"]
[EventType "tourn"]
[EventRounds "9"]
[EventCountry "USA"]
[EventCategory "22"]
[SourceTitle "CBM 180"]
[Source "ChessBase"]
[SourceDate "2017.09.13"]
[SourceVersion "1"]
[SourceVersionDate "2017.09.13"]
[SourceQuality "1"]

1. c4 g6 2. Nc3 c5 3. d4 cxd4 4. Qxd4 {An extravagant line, leading to
unnatural white play in the hope of retaining the space advantage. Personally
I would not create myself such early problems with the queen safety, leading
most likely to delay in development. I was a witness when Ljubojevic
introduced this line in grandmaster practice (Szirak 1987, see below). I
remember that Adorjan was chasing him during the rest of the tournament
rhaetorically asking: "Ljubo, will you admit I was better?"} Nf6 5. Bf4 {
White prepares the d2-square for the queen hoping to expose the bishop as
little as possible. In the game the latter proved illusory. There is a whole
bunch of alternatives.} ({The bishop is even more vulnerable after} 5. Bg5 Nc6
6. Qd2 Bg7 7. e4 d6 ({Actually Black could already start the chase:} 7... h6 8.
Be3 Ng4 9. Bf4 g5 10. Bg3 Nge5 11. h4 g4 $13) 8. Nge2 O-O 9. f3 Qa5 10. Nd5
Nxd5 11. cxd5 Qxd2+ 12. Kxd2 f6 13. Be3 Ne5 14. Nd4 $14 {1-0 (34) Penzold,A 
(2387)-Berebora,F (2437) Germany 2015}) (5. e4 Nc6 {forces the queen to avoid
the desirable retreat to d2 in order to keep the bishop's line of advance open.
} 6. Qd3 Bg7 7. Nf3 d6 8. Be2 O-O 9. O-O Nd7 (9... Bg4 $5 $11) 10. Be3 Nc5 11.
Qc2 Bxc3 12. bxc3 f5 (12... Bg4 13. h3 Bxf3 14. Bxf3 Ne5 15. Be2 Qc7 16. f4
Ned7 $13) 13. exf5 Bxf5 14. Qb2 Qb6 15. Qc1 {Cifuentes Parada,R (2509)-Van den
Berg,A (2267) Leiden 1992 (1-0, 35), and White retained some attacking chances.
}) ({Ljubo's aforementioned game went} 5. g3 Bg7 6. Bg2 Nc6 7. Qd2 {1/2-1/2 
(49) Ljubojevic,L (2625)-Adorjan,A (2540) Szirak 1987 CBM 003 [Ftacnik,L]}) ({
Or if} 5. Nf3 Nc6 6. Qd2 Bg7 7. Rb1 O-O 8. b3 Qa5 9. e4 {Black can use his
advance in development to break the centre:} e6 10. Bb2 d5 $36 {Garcia Palermo,
C (2490)-Spangenberg,H (2505) Villa Gesell 1996 (0-1, 30)}) 5... Nc6 (5... Bg7
{allows unnnecessary (even though not bad for Black) complicatons:} 6. Bxb8
Rxb8 7. Qxa7 Qc7 8. Nf3 (8. Nb5 Qxc4 9. Qxb8 O-O 10. Nc3 Qb4 {offers Black a
lot of play on the dark squares and an overwhelming advance in development for
the missing rook.}) 8... Ng4 $2 ({Black should have aimed for counterplay in
the centre.} 8... d5 9. cxd5 O-O $44) {In Dvoirys,S (2553)-Kholopov,A (2294)
Cheliabinsk 2008 (1-0, 39) White's simplest way to an advantage as:} 9. Nb5
Qxc4 10. Qxb8 Qb4+ 11. Nd2 O-O 12. Rc1 Qxb2 13. Rb1 Qxa2 14. Qg3 $18) 6. Qd2 d6
7. e4 Bg7 8. Bd3 $146 ({Deviating from another game of the old specialist of
this variation where White allowed the exchange on f3, increasing Black's
control on the dark squares.} 8. Nf3 Bg4 9. Be2 Rc8 10. Rd1 Qa5 11. O-O Bxf3
12. Bxf3 Ne5 13. Bxe5 Qxe5 14. b3 h5 {1/2-1/2 Ljubojevic,L (2635)-Sax,G (2580)
Tilburg 1989. Of course Black has no problems.}) 8... Ne5 9. Nge2 {White is
close to completing his development but most of his minor pieces are developed
unnaturally.} Nh5 $5 {Immediately questioning the safety of the bishop.} ({
Black could have also embarked the slow mode typical for the Maroczy structure:
} 9... O-O 10. O-O a6 11. Rfd1 Nfd7 {[%csl Gc4,Gd3][%cal Gd7c5]} 12. b3 b5 $5
13. cxb5 Nxd3 14. Qxd3 axb5 15. Rac1 (15. Qxb5 Ba6 16. Qd5 Bxe2 17. Nxe2 Bxa1
18. Rxa1 Qa5 $17) 15... b4 16. Nd5 Nc5 (16... Rxa2 $2 17. Rxc8 $1) 17. Qe3 (17.
Rxc5 dxc5 18. Nf6+ exf6 19. Qxd8 Rxd8 20. Rxd8+ Bf8 21. Bh6 Bb7 $11) 17... Bb7
$13) 10. Be3 Ng4 11. Bg5 h6 12. Bh4 g5 13. Bg3 Be6 {With a few more or less
forced moves Black has ensured his control on the dark squares and the bishop
pair. He has no problems at all.} 14. h3 (14. f3 Nxg3 15. hxg3 Ne5 16. b3 Qa5
17. Rc1 O-O-O $5 $15 {[%cal Gh6h5,Gc8b8,Gd8c8]}) 14... Ne5 ({Actually it was
entirely possible (and most likely better) to keep a knight on e5:} 14... Nxg3
15. Nxg3 Ne5 {If Black feared} 16. Nh5 {but this is inoffensive:} Nxd3+ 17.
Qxd3 Be5 18. g3 $6 Qa5 $36) 15. Bxe5 $1 {Aiming at keeping the h5-knight out
of play. Other moves tend to hand over the initiative to Black.} (15. b3 Nxg3
16. Nxg3 b5 $5 17. cxb5 Rc8 18. Rc1 Qa5 19. Nge2 O-O 20. O-O Rc5 $36) (15. Nd5
Nxd3+ 16. Qxd3 Bxd5 17. exd5 Qa5+ 18. Qd2 Qxd2+ 19. Kxd2 Rc8 20. Rac1 Bxb2 21.
Rb1 Bf6 22. Rxb7 Rxc4 23. Rxa7 O-O $15) 15... Bxe5 16. g3 {White has some
chances to gain even more space but he needs to be careful.} Qa5 17. f4 $2 {
Just careless.} (17. Rb1 $5 Rc8 18. b4 Qd8 19. Nd5 $13 {For instance} Qd7 $6
20. h4 $36 g4 $6 21. O-O $16 {White dominates the centre and Black will find
it difficult transferring the king to a safe area.}) 17... Bxc3 $1 {[%csl Gg3]}
18. bxc3 (18. Nxc3 Nxg3 $19) 18... Qc7 19. fxg5 hxg5 20. Qxg5 Bxc4 21. Bxc4
Qxc4 $17 {White's structure is in ruins and Black's win should be a matter of
elementary technique.} 22. Qd5 Qxd5 23. exd5 Rc8 24. Rb1 b6 25. Rb3 Nf6 26. Ra3
a5 27. Nf4 (27. Rb3 Nxd5 $19) 27... Rg8 28. c4 (28. g4 Rg5 $19) 28... Rxc4 29.
Ke2 Ne4 30. g4 f5 31. Rg1 (31. gxf5 Ng3+) 31... fxg4 32. hxg4 Nc3+ 33. Kd3 Rxf4
34. Rxc3 Rgxg4 35. Rc8+ (35. Rxg4 Rxg4 $19 36. Rb3 $6 Rg3+) 35... Kf7 36. Rb1
Rd4+ 37. Ke3 Rxd5 38. Rxb6 Rg2 39. a4 Rg4 0-1

[Event "Tata Steel-A 76th"]
[Site "Wijk aan Zee"]
[Date "2014.01.17"]
[Round "5"]
[White "Rapport, Richard"]
[Black "Dominguez Perez, Leinier"]
[Result "0-1"]
[WhiteElo "2691"]
[BlackElo "2754"]
[Annotator "Marin,M"]
[PlyCount "60"]
[EventDate "2014.01.11"]
[EventType "tourn"]
[EventRounds "11"]
[EventCountry "NED"]
[EventCategory "20"]
[SourceTitle "CBM 159"]
[Source "ChessBase"]
[SourceDate "2014.03.17"]
[SourceVersion "1"]
[SourceVersionDate "2014.03.17"]
[SourceQuality "1"]

1. c4 c5 2. Nc3 g6 3. g4 {Quite original and played only once before, in a
game between lower rated players.} Bg7 4. Bg2 Nc6 5. d3 d6 6. g5 e6 7. h4 h5 8.
Bxc6+ $5 {This is an old idea of Larsen, who used to play it with his pawn on
g3, though.} bxc6 9. f4 e5 10. fxe5 Bxe5 11. Nf3 Bxc3+ 12. bxc3 Ne7 13. Bf4 O-O
{Strategicaly, White seems to have a nice position, but with queens on voard
it will be a problem finding a safe square for his king.} 14. Nd2 {[%cal Gd2e4]
The threat is obvious, but what about some developing moves?!} d5 {Quite
provocative. By weakening the c5-pawn Black inivtes the white knight to jump
farther from the king, thus creating some tactical possibilities...} (14... Bf5
{looks entirely safe.}) 15. Qa4 Bg4 16. Rh2 Re8 17. Rb1 Qd7 18. Rf2 Qe6 {
White has developed all his pieces, with the exception of the king. His
position is dangerous, but after the next xareless move it becomes just lost.}
19. Nb3 $2 {Falling into the temptation created by ...d6-d5.} Bxe2 $1 20. Kd2 (
20. Rxe2 Qg4 21. Bh2 (21. Be5 Qg1+ 22. Kd2 Qxb1 $19) 21... Nf5 22. Rbb2 Qg2 $5
23. Bc7 Qg1+ 24. Kd2 Rxe2+ 25. Kxe2 Re8+ {with mate to follow soon.}) 20... Qg4
$19 21. Nxc5 Qxh4 22. Be3 Nf5 23. Rxf5 gxf5 24. g6 Rxe3 25. Kxe3 Re8+ 26. Kd2
Qf2 27. gxf7+ Kxf7 28. Qxa7+ Kg8 29. Rb8 Bxd3+ 30. Kxd3 Qe2+ 0-1